000 00814nas a2200265 4500
001 BR9200519
003 BR-BrBNA
005 20231205092252.0
007 ta
008 230509b bl.|||p| |||| 00| 00por d
040 _aBR-BrBNA
_bpor
_cBiblioteca Nacional de Agricultura
041 _a(Pt)
072 _aN20; F01
100 1 _aMascarenhas, M.H.T.
100 1 _aRocha, F.E. de C.
245 1 _aPanorama da mecanizacao na olericultura brasileira
650 _aHORTALICA
650 _aMECANIZACAO AGRICOLA
650 _aOLERICULTURA
650 _aRENDIMENTO
650 _aPRATICO
773 0 _tInforme Agropecuario - Empresa de Pesquisa Agropecuaria de Minas Gerais (Brazil)
_xISSN 0100-3364
_g(1991), v. 15(169) p. 5-10
_wBR9200519
909 _a202311
_bLúcia
_c55
_dLúcia Elande
942 _2AGRIS
_n0
_cANA
999 _c130547
_d130547